| 000 | 00392 a2200145 4500 | ||
|---|---|---|---|
| 020 | _a8131405788 | ||
| 024 | _a9788131405789 | ||
| 090 |
_c5170 _d5170 |
||
| 100 | _aMrudula E. | ||
| 245 |
_aLean Management _bIntroduction and Applications _cE. Mrudula |
||
| 260 |
_a Hayedrabad, India _bThe Icfai University Press _c2006 |
||
| 300 | _a239 | ||
| 500 | _apapercover | ||
| 942 |
_aNBS _cBK _k658 MRU |
||
| 999 |
_c347590 _d347590 |
||